Predikcia finančného zdravia vo vybranom podnikateľskom subjekte diplomová práca

Na minha lista:
Detalhes bibliográficos
Autor principal: Hörmann, Peter
Autor Corporativo: Fakulta podnikového manažmentu EU. Katedra podnikovohospodárska
Outros Autores: Rybárová, Daniela, 1967-
Formato: Livro
Idioma:eslovaco
Publicado em: Bratislava 2023
Tags: Adicionar Tag
Sem tags, seja o primeiro a adicionar uma tag!

MARC

LEADER 00000nbm a2200000 4500
001 0293332
005 20240219145201.8
041 0 |a slo 
044 |a SK 
245 1 0 |a Predikcia finančného zdravia vo vybranom podnikateľskom subjekte  |b diplomová práca  |c Peter Hörmann ; školiteľ: Daniela Rybárová 
264 1 |a Bratislava  |c 2023 
300 |a 109 s. 
100 1 |a Hörmann, Peter 
700 1 |a Rybárová, Daniela, 1967- 
710 2 |a Fakulta podnikového manažmentu EU. Katedra podnikovohospodárska